| 000 | 01106nam a2200193Ia 4500 | ||
|---|---|---|---|
| 003 | Ost | ||
| 005 | 20260507075018.0 | ||
| 008 | 260507s9999||||xx |||||||||||||| ||und|| | ||
| 040 | _cfsecg | ||
| 041 | _aara | ||
| 082 | _a657.835 | ||
| 100 |
_aالمليجي، ابراهيم السيد _eمؤلف |
||
| 245 | 0 |
_aالمحاسبة في الوحدات الحكومية / _c ابراهيم السيد المليجي |
|
| 260 |
_aالاسكندرية: _bمكتبة ومطبعة الاشعاع الفنية, _c2002 |
||
| 300 |
_a230 صفحة؛ _bإيضاحات ؛ _c24 سم |
||
| 520 | _aدراسة تمهيدية،الموازنة العامة للدولة،الهيكل المحاسبي للوحدات الحكومية،المحاسبية عن الايرادات العامة،المحاسبة عن المصروفات العامة،الحسابات النظامية،الحساب الختامي وبيان المركز المالي في الوحدات الحكومية ،المشروعات البنية التحتية المحوطة BOT | ||
| 653 | _aالمحاسبة الحكومية | ||
| 942 | _cكتاب | ||
| 999 |
_c42234 _d42234 |
||